<?xml version="1.0" encoding="UTF-8"?>
<collection xmlns="http://www.loc.gov/MARC21/slim">
  <record>
    <leader>00000nam  2200000   4500</leader>
    <controlfield tag="001">INLIS000000000015291</controlfield>
    <controlfield tag="005">20221227093334</controlfield>
    <datafield tag="035" ind1="#" ind2="#">
      <subfield code="a">0010-1222000119</subfield>
    </datafield>
    <controlfield tag="007">ta</controlfield>
    <controlfield tag="008">221227################|##########|#|##</controlfield>
    <datafield tag="100" ind1="1" ind2="#">
      <subfield code="a">Lestari, Maya</subfield>
    </datafield>
    <datafield tag="245" ind1="1" ind2="#">
      <subfield code="a">(E-PAMER) E-BOOK PANDUAN MEMBACA GAMBAR TEKNIS DALAM AUDIT PROYEK KONSTRUKSI BANGUNAN GEDUNG DI INSPEKTORAT DAERAH KOTA BATAM /</subfield>
      <subfield code="c">Maya Lestari</subfield>
    </datafield>
    <datafield tag="260" ind1="#" ind2="#">
      <subfield code="a">Jakarta :</subfield>
      <subfield code="b">Pusbang Kader,</subfield>
      <subfield code="c">2022</subfield>
    </datafield>
    <datafield tag="300" ind1="#" ind2="#">
      <subfield code="a">85 hlm :</subfield>
      <subfield code="b">ilus ;</subfield>
      <subfield code="c">30 cm</subfield>
    </datafield>
    <datafield tag="856" ind1="#" ind2="#">
      <subfield code="a">https://pustakamaya.lan.go.id</subfield>
    </datafield>
    <datafield tag="990" ind1="#" ind2="#">
      <subfield code="a">00000018018</subfield>
    </datafield>
  </record>
</collection>
